banner koha

A água e sua importância na tecnologia de lacticínios e saúde pública (Registro n. 294514)

MARC details
000 -LÍDER
campo de controle de tamanho fixo 01091nac a22003137a 4500
001 - NÚMERO DE CONTROLE
campo de controle BR0505012
003 - IDENTIFICADOR DO NÚMERO DE CONTROLE
campo de controle BR-BrBNA
005 - DATA E HORÁRIO DA ÚLTIMA TRANSAÇÃO
campo de controle 20240105123224.0
008 - CAMPO DE DADOS FIXOS--INFORMAÇÃO GERAL
campo de controle de tamanho fixo 230509b bl.|||m| |||| 00| 0 por d
040 ## - FONTE DA CATALOGAÇÃO
Instituição da catalogação original BR-BrBNA
Idioma da catalogação por
Instituição que transcreveu o registro Biblioteca Nacional de Agricultura
072 ## - CÓDIGO DE CATEGORIA DE ASSUNTO
Código de Categoria de Assunto Q02; Q03; Q04
090 ## - NÚMERO DE CHAMADA LOCAL
Número de chamada Q02 BR0505012
100 1# - ENTRADA PRINCIPAL--NOME PESSOAL
Nome pessoal Sandoval, L.A.
100 1# - ENTRADA PRINCIPAL--NOME PESSOAL
Nome pessoal Behmer, M.L.A.
110 1# - ENTRADA PRINCIPAL--NOME CORPORATIVO
Nome corporativo ou nome da jurisdição Secretaria da Agricultura, São Paulo, SP (Brasil). Depto. da Produção Animal
245 1# - TÍTULO
Título A água e sua importância na tecnologia de lacticínios e saúde pública
260 3# - PUBLICAÇÃO, DISTRIBUIÇÃO, ETC.
Local de publicação, distribuição, etc. São Paulo, SP (Brasil):
Data da publicação, distribuição, etc. [nd].
300 ## - DESCRIÇÃO FÍSICA
Extensão 5 p.
490 ## - TÍTULO DA SÉRIE
Título da série Série de Vulgarização. Leite e Lacticínios - Secretaria da Agricultura. Depto. da Produção Animal (Brazil)
Número do volume ou designação sequencial da série no. 7
ISSN - International Standard Serial Number
650 ## - ASSUNTO--TERMO TÓPICO
Cabeçalho tópico ou nome geográfico ÁGUA
650 ## - ASSUNTO--TERMO TÓPICO
Cabeçalho tópico ou nome geográfico LATICÍNIO
650 ## - ASSUNTO--TERMO TÓPICO
Cabeçalho tópico ou nome geográfico INDÚSTRIA ALIMENTÍCIA
650 ## - ASSUNTO--TERMO TÓPICO
Cabeçalho tópico ou nome geográfico QUALIDADE DA ÁGUA
650 ## - ASSUNTO--TERMO TÓPICO
Cabeçalho tópico ou nome geográfico INSPEÇÃO SANITÁRIA
650 ## - ASSUNTO--TERMO TÓPICO
Cabeçalho tópico ou nome geográfico TECNOLOGIA DE ALIMENTO
650 ## - ASSUNTO--TERMO TÓPICO
Cabeçalho tópico ou nome geográfico PROPRIEDADE FÍSICO-QUÍMICA
909 ## -
-- 202312
-- Lúcia Elande
-- 55
-- Lúcia Elande
942 ## - ELEMENTOS DE ENTRADA ADICIONADOS (KOHA)
Fonte da classificação ou esquema de arquivamento na estante Classificação AGRIS
Ocultar no OPAC Não
Tipo de material Koha Monografia Seriada
Exemplares
Situação do descarte Fonte da classificação ou esquema de arquivamento na estante Situação física Não pode ser emprestado Coleção Biblioteca de origem Biblioteca atual Localização na estante Total de empréstimos Número de telefone completo Código de barras Data de último acesso Tipo de material Koha Fonte de aquisição
  Classificação AGRIS       Biblioteca Nacional de Agricultura - Binagri Biblioteca Nacional de Agricultura - Binagri Agrobase - Acervo Geral   Q02 BR0505012 Q02 BR0505012 18/12/2023 Monografia Seriada Portaria Interministerial nº 164/94

BINAGRI

Telefone: (61)3218-2567/2388/3357/2097 - binagri@agro.gov.br

Ministério da Agricultura e Pecuária , Esplanada dos Ministérios, Bloco D, Anexo B, Brasília/DF, CEP: 70.043-900